00716nam a2200205 a 450000100060000000300080000600500170001400800410003103500190007204000320009104100080012308200230013124501000015426000690025430000250032350000200034850400430036865000480041170000510045917592BD-RjUL20211209000150.0140217r19661965onc b 001 1 eng d a(BD-RjUL)17650 aDLCcWSUdSERdBD-RjULbeng aeng00a810.9971bLIT 196600aLiterary history of Canada :bCanadian literature in English /cgeneral editor: Carl F. Klinck. aToronto :bUniversity of Toronto Press,cc1965 [Reprinted 1966]. axiv, 945 p. ;c25 cm aIncludes index. a"Bibliography and notes": p. [853]-867 0aCanadian literaturexHistory and criticism.1 aKlinck, Carl F.q(Carl Frederick),d1908-1990.